000
00296nam a22001337a 4500
008
180312b xxu||||| |||| 00| 0 eng d
020
_a
9780810932326
041
_a
eng
080
_a
7
100
_a
44
101
_a
ART
245
_a
Dawn of art: The chauvet cave
_c
Clottes,J
942
_2
udc
_c
BK
999
_c
44757
_d
44757